000 00497nam a2200181Ia 4500
005 20250326125209.0
008 250326s9999 xx 000 0 und d
037 _aTextbook
040 _aFMSL
_beng
_cFMSL
041 _aeng
_2eng
084 _aX5obG L0
_qFMSL
100 _aGupta A D
245 0 _aEconomic and commercial geography
_cGupta A D
260 _aCalcutta
_bCalcutta, A Mukherjee & Co.
_c1970
300 _a304p
942 _cTB
_hX5obG L0
999 _c1276962
_d1276962